| 000 | 00862cam a22002411 4500 | ||
|---|---|---|---|
| 001 | ne 64000120 | ||
| 003 | DLC | ||
| 005 | 20260227111754.0 | ||
| 008 | 870710s1962 le 000 0 arar | ||
| 010 | _ane 64000120 | ||
| 035 | _a(OCoLC)16159150 | ||
| 040 |
_aDLC _cWaU _dOCoLC _dDLC |
||
| 041 | 1 |
_aara _htur |
|
| 042 | _apremarc | ||
| 043 | _af-al--- | ||
| 050 | 0 | 0 |
_aDT291 _b.J312 |
| 100 | 1 |
_aJazāʼirī, Aḥmad, _d-1838. |
|
| 245 | 1 | 0 |
_aKayfa dakhala al-Faransīyūn al-Jazāʼir, waṣf shāhid ʻiyān. _cWaḍaʻahu Aḥmad al-Jazāʼirī. Nasharahu wa qaddama lahu Ṣalaḥ al-Dīn al-Munājjid. |
| 260 |
_a[Bayrūt] _bDār al-Kitāb al-Jadīd _c[1962] |
||
| 300 |
_a66 p. _c21 cm. |
||
| 500 | _aTranslated from the Turkish original by Muḥammad Ḥalīm Afandī, with an appendix by Rifāʼah Rāfiʻ. | ||
| 651 | 0 |
_aAlgeria _xHistory _y1516-1830. |
|
| 999 |
_c46612 _d46612 |
||